=LDR 00000nam 2200000 4500 =001 INLIS000000000033824 =005 20130612135746 =008 ***********************************ind** =035 ##$$0010-061300000033824 =041 ##$$a ind =082 ##$$a 510 =090 ##$$a 510, Mur m =100 ##$$a Mursuta, Danang =245 ##$$a Matematika dasar untuk perguruan tinggi, danang mursita =260 ##$$a 2009 $b Bandung =300 ##$$a vi,305 hlm, 24 cm =650 ##$$a Matematika =850 ##$$a NBPNMAT